1288 1690 1642 1752 1851 1195 1322 1926 1214 1596 1797 1639 1312 1212 1999 1615 1973 1362 1226 1581 1719 1094 1413 1515 1413 1843 1772 1256 1101 1120 1913 1387 1041 1501 1864 1343 1857 1623 1457 1897 1249 1079 1221 1104 1805 1424 1960 1603 1560 1267 1184 1005 1047 1310 1766 1374 1946 1035 1791 1491 1364 1313 1725 1324 1019 1707 1201 1244 1340 1754 1761 1121 1582 1875 1296 1969 1279 1984 1198 1288 1900 1422 1708 1350 1221 1153 1231 1690 1431 1186 1929 1388 1437 1211 1680 1854 1495 1680 1942 BCNSPRNW ULIB Ver.6.0+V

เปลี่ยนเป็นภาษาไทย

Change to English
 แสดงรายละเอียดบรรณานุกรม
  กลับหน้าหลัก

Brief Record : Get Marc (ISO 2709) : E-mail record : QR code < ปิดหน้าต่าง
LEADER : 00000nam 2200000uu 4500
001    13399113569
003     ULIB
008    111128s2552||||th 000 0 tha d
020    ^a9786110600842
090    ^aนว.^bณ111ห 2552
100 0  ^aณ มน
245 00 ^aหัวใจใต้แสงดาว/^cณ มน
250    ^aพิมพ์ครั้งที่ 2
260    ^aกรุงเทพฯ :^bแจ่มใส,^c2552
300    ^a251 หน้า
710 1  ^aแจ่มใส
945    ^p219^l0^i15773
995    ^aกัณชพร
999    ^aใช้งานได้ทุกระบบ
รายการนี้ยังไม่มีแท็ก
คุณยังไม่ได้ล็อกอิน คุณสามารถมีกิจกรรมร่วมกับเว็บไซต์ได้ แต่ต้องล็อกอินก่อน ::
  ล็อกอิน

รายการสื่อสารสนเทศ

ลำดับที่ ประเภท เลขเรียก/บาร์โค้ด สถานที่ สถานะ
1. นวนิยาย
นวนิยาย
นว. ณ111ห 2552  
  Barcode: 15773
ห้องสมุดวิทยาเขตสวรรค์ประชารักษ์
►นวนิยาย
บนชั้น
  ขอยืม

BibComment


ยังไม่เคยถูกคอมเมนท์

คอมเมนท์ทรัพยากรรายการนี้
  คอมเมนท์: หัวใจใต้แสงดาว ณ..


 Copyright 2026. Bcnsprnw @Library